Barangolás Sárospatakon

Bibliographic Details
Main Author: Zsebik, Ildikó (Author)
Format: Article
Language:Hungarian
Slovak
PhysicalDescription:Fotogr.
Subjects:

MARC

LEADER 00000nab a2200000 a 4500
001 vtls000729269
003 SK-MaSNL
005 20260319074534.0
008 040806c2000 xo 0 hun
015 |a SNBRB2000/08-20533 
035 |a CLN000081407 
040 |a SNKBUCL  |b slo  |c SNKBUCL  |e AACR2 
041 0 |a slo 
044 |a xo  |c SK 
080 |a 908.439  |2 1981 
100 1 |a Zsebik, Ildikó  |4 aut  |9 840447 
245 1 0 |a Barangolás Sárospatakon  |c Zsebik Ildikó 
300 |b Fotogr. 
651 7 |a Sárospatak (Maďarsko)  |2 snkbucl  |9 31374 
655 7 |a reportáže  |2 snkbucl  |9 28856 
773 0 |t Vasárnap  |g Roč. 33, č. 30 (2000) 
773 0 8 |i Príl.  |t Hang-Kép  |g Č. 30 (2000), s. 6-7 
850 |a Slovenská národná knižnica v Martine 
852 |a SNK  |b KIS3GCP 
958 |a HU 
999 |c 1455237  |d 1457167